|
|
|
|
| LEADER |
01643cas a2200229 a 4500 |
| 001 |
AALejournalIMF008231 |
| 008 |
230101c9999 xx r poo 0 0eng d |
| 020 |
|
|
|z 9781451953411
|
| 022 |
|
|
|a 0145-1707
|
| 040 |
|
|
|a BD-DhAAL
|c BD-DhAAL
|
| 110 |
2 |
|
|a International Monetary Fund.
|b External Relations Dept.
|
| 245 |
1 |
0 |
|a Finance and Development, March 2004.
|
| 264 |
|
1 |
|a Washington, D.C. :
|b International Monetary Fund,
|c 2004.
|
| 300 |
|
|
|a 1 online resource (66 pages)
|
| 490 |
1 |
|
|a Finance and Development
|
| 500 |
|
|
|a <strong>Off-Campus Access:</strong> No User ID or Password Required
|
| 500 |
|
|
|a <strong>On-Campus Access:</strong> No User ID or Password Required
|
| 506 |
|
|
|a Electronic access restricted to authorized BRAC University faculty, staff and students
|
| 520 |
3 |
|
|a This paper presents a snapshot of changes in the world's health and demographic conditions. The paper highlights that in most parts of the world, individuals are healthier and living longer, thanks to improved health services and living conditions and the more widespread use of immunization, antibiotics, and better contraceptives. Although this trend is likely to continue, hopes are fading in some regions where progress slowed or stopped in the 1990s, primarily as a result of the AIDS epidemic. Moreover, most regions of the developing world will not reach the Millennium Development Goals for health by 2015.
|
| 538 |
|
|
|a Mode of access: Internet
|
| 830 |
|
0 |
|a Finance and Development; Finance and Development ;
|v No. 0041/001
|
| 856 |
4 |
0 |
|z Full text available on IMF
|u http://elibrary.imf.org/view/journals/022/0041/001/022.0041.issue-001-en.xml
|z IMF e-Library
|